<?xml version="1.0" encoding="UTF-8"?>
<record
    xmlns:xsi="http://www.w3.org/2001/XMLSchema-instance"
    xsi:schemaLocation="http://www.loc.gov/MARC21/slim http://www.loc.gov/standards/marcxml/schema/MARC21slim.xsd"
    xmlns="http://www.loc.gov/MARC21/slim">

  <leader>02023nas a2200277Ia 4500</leader>
  <controlfield tag="001">L200-52610</controlfield>
  <controlfield tag="003">IT-CnALBA</controlfield>
  <controlfield tag="008">170116c99999999xx ||||||||||||   ||und||</controlfield>
  <datafield tag="040" ind1=" " ind2=" ">
    <subfield code="a">IT-CnALBA</subfield>
    <subfield code="c">IT-CnALBA</subfield>
  </datafield>
  <datafield tag="041" ind1=" " ind2=" ">
    <subfield code="a">ITALIANO</subfield>
  </datafield>
  <datafield tag="100" ind1=" " ind2=" ">
    <subfield code="a">ARINZE FRANCIS, CARDINALE</subfield>
  </datafield>
  <datafield tag="210" ind1=" " ind2=" ">
    <subfield code="a">RELIGIONI E SETTE NEL MONDO</subfield>
  </datafield>
  <datafield tag="222" ind1=" " ind2=" ">
    <subfield code="a">RELIGIONI E SETTE NEL MONDO</subfield>
  </datafield>
  <datafield tag="245" ind1=" " ind2="0">
    <subfield code="a">RELIGIONI E SETTE NEL MONDO. N. 7. SETTEMBRE 1996. RELIGIONI TRADIZIONALI AFRICANE E CRISTIANESIMO. </subfield>
  </datafield>
  <datafield tag="250" ind1=" " ind2=" ">
    <subfield code="a">1a ed.</subfield>
  </datafield>
  <datafield tag="260" ind1=" " ind2=" ">
    <subfield code="a"> BOLOGNA</subfield>
    <subfield code="b">GRIS, GRUPPO RIC. INFORMAZ. SETTE </subfield>
    <subfield code="c">1996 [1&#xB0; Ed.:1996 - Ed.Ling.Originale: 1996]</subfield>
  </datafield>
  <datafield tag="300" ind1=" " ind2=" ">
    <subfield code="a">175 p. </subfield>
  </datafield>
  <datafield tag="310" ind1=" " ind2=" ">
    <subfield code="a">TRIMESTRALE</subfield>
  </datafield>
  <datafield tag="362" ind1=" " ind2=" ">
    <subfield code="a">Fascicolo: 3 / Anno: 2 (1996)</subfield>
  </datafield>
  <datafield tag="500" ind1=" " ind2=" ">
    <subfield code="a">IL MAGISTERO CATTOLICO E LE SETTE. RELIGIONI TRADIZIONALI AFRICANE E CRISTIANESIMO, SFIDA DEL NOSTRO TEMPO AL CATTOLICESIMO. EVANGELIZZAZIONE DI CRISTO ALLE RELIGIONI TRADIZIONALI. STUDIO DELLE RELIGIONI AFRICANE, SHORTER A. IDEA DELLA SANTIT&#xC0;, JO. B. BALLONG WEN MEWUDA. SARPONG P.K. E INCULTURAZIONE DEL MESSAGGIO CRISTIANO. DIALOGO CON LA RELIGIONE AFRICANA TRADIZIONALE. CHIESE INIZIATICHE AFRICANO OGGI. ATTENZIONE PASTORALE ALLE RELIGIONI TRADIZIONALI. LA CHIESA CATTOLICA E LE SETTE. FATTI E OPINIONI. RECENSIONI E SEGNALAZIONI. SUMMARIES. </subfield>
  </datafield>
  <datafield tag="501" ind1=" " ind2=" ">
    <subfield code="a">Societ&#xE0; San Paolo EM - Piazza San Paolo, 14 - 12051 ALBA (CN)  (non commercial uses only) &#xAE; Copyright 2017</subfield>
  </datafield>
  <datafield tag="520" ind1=" " ind2=" ">
    <subfield code="a">IL MAGISTERO CATTOLICO E LE SETTE. RELIGIONI TRADIZIONALI AFRICANE E CRISTIANESIMO, SFIDA DEL NOSTRO TEMPO AL CATTOLICESIMO. EVANGELIZZAZIONE DI CRISTO ALLE RELIGIONI TRADIZIONALI. STUDIO DELLE RELIGIONI AFRICANE, SHORTER A. IDEA DELLA SANTIT&#xC0;, JO. B. BALLONG WEN MEWUDA. SARPONG P.K. E INCULTURAZIONE DEL MESSAGGIO CRISTIANO. DIALOGO CON LA RELIGIONE AFRICANA TRADIZIONALE. CHIESE INIZIATICHE AFRICANO OGGI. ATTENZIONE PASTORALE ALLE RELIGIONI TRADIZIONALI. LA CHIESA CATTOLICA E LE SETTE. FATTI E OPINIONI. RECENSIONI E SEGNALAZIONI. SUMMARIES. </subfield>
  </datafield>
  <datafield tag="650" ind1=" " ind2=" ">
    <subfield code="a">RELIGIONI NON CRISTIANE</subfield>
  </datafield>
  <datafield tag="942" ind1=" " ind2=" ">
    <subfield code="c">CR</subfield>
  </datafield>
  <datafield tag="957" ind1=" " ind2=" ">
    <subfield code="7">1</subfield>
  </datafield>
  <datafield tag="999" ind1=" " ind2=" ">
    <subfield code="a">69214</subfield>
    <subfield code="b">NO</subfield>
    <subfield code="g">1</subfield>
    <subfield code="c">334362</subfield>
    <subfield code="d">334362</subfield>
  </datafield>
  <datafield tag="952" ind1=" " ind2=" ">
    <subfield code="0">0</subfield>
    <subfield code="1">0</subfield>
    <subfield code="4">0</subfield>
    <subfield code="6">L_20052610</subfield>
    <subfield code="7">1</subfield>
    <subfield code="a">ALBA</subfield>
    <subfield code="b">ALBA</subfield>
    <subfield code="d">2017-01-16</subfield>
    <subfield code="l">0</subfield>
    <subfield code="o">L200-52610</subfield>
    <subfield code="r">2017-01-16 00:00:00</subfield>
    <subfield code="w">2017-01-16</subfield>
    <subfield code="y">CR</subfield>
    <subfield code="z">(data import: 16 gennaio 2017) - By Epidotti, Vaglietti. </subfield>
  </datafield>
</record>
